Early Muslim dogma : a source-critical study /

Bibliographic Details
Main Author: Cook, Michael, 1940-
Format: Book
Language:English
Published: Cambridge [Cambridgeshire] ; New York : Cambridge University Press, 1981.
Subjects:

MARC

Tag First Indicator Second Indicator Subfields
LEADER 00000cam a2200000 a 4500
001 in00000082413
005 20151008061153.0
008 811123s1981 enk b 00110 eng
010 |a  80042077  
015 |a GB*** 
019 |a 7765740 
020 |a 0521233798 
035 |a (OCoLC)07764847 
035 |9 AAJ7467AM 
039 0 |a 2  |b 3  |c 3  |d 3  |e 3 
040 |a DLC  |c DLC  |d TXA  |d UtOrBLW 
049 |a TXAM  |c [1561182] 
050 0 0 |a BP166.1  |b .C66 
082 0 |a 297/.12406  |2 19 
100 1 |a Cook, Michael,  |d 1940- 
245 1 0 |a Early Muslim dogma :  |b a source-critical study /  |c Michael Cook. 
264 1 |a Cambridge [Cambridgeshire] ;  |a New York :  |b Cambridge University Press,  |c 1981. 
300 |a xi, 242 pages ;  |c 23 cm. 
336 |a text  |b txt  |2 rdacontent 
337 |a unmediated  |b n  |2 rdamedia 
338 |a volume  |b nc  |2 rdacarrier 
504 |a Includes bibliographical references and indexes. 
650 0 |a Islam  |x Doctrines  |x History. 
999 |a MARS 
999 f f |s 061bd3df-f248-32a0-927a-5cab540732f7  |i f2369d51-5396-3d45-964a-2f63606b4804  |t 0 
952 f f |p ric  |a Texas A&M University  |b Rellis Campus  |c Joint Library Facility  |d Remote Storage  |t 0  |e BP166.1 .C66  |h Library of Congress classification  |i unmediated -- volume  |m A14806090351 
998 f f |a BP166.1 .C66  |t 0  |l Remote Storage